000 00554nam a22001457i 4500
003 URS
005 20220114171135.0
008 171030b xxu||||| |||| 00| 0 eng d
245 _aDevelopment and evaluation of transaction processing system for leoly's hardware in Binangonan, Rizal during the fiscal year 2016
336 _atext
_btxt
_2rdacontent
337 _aunmediated
_bn
_2rdamedia
338 _avolume
_bnc
_2rdacarrier
700 _aJulie Ann F. Benolirao, Danilo V. Decamos Jr., Nicodemos P. Ratilla, Karol Anne C. Unidad
_eAuthors
942 _2lcc
_cT
999 _c12844
_d12844